Hrabě Chotek z Chotkova a Vojnína (1783-1868)
| Titel: | Hrabě Chotek z Chotkova a Vojnína (1783-1868) |
|---|---|
| Verfasser: | |
| In: |
Historický obzor, Band 18, Heft 5/6 (2007), Seite 120-132 alle Artikel anzeigen |
| Veröffentlicht: | 2007 |
| Format: | Aufsatz |
| Sprache: | Tschechisch |
X
alg: 39342059 001A $01999:12-11-16 001B $03025:12-02-26 $t14:50:17.000 001D $01999:12-11-16 001U $0utf8 001X $00 002@ $0Aox 003@ $0393420590 007A $0393420590 $aHEB 007T $0Herdpp112619 010@ $acze 011@ $a2007 021A $aHrabě Chotek z Chotkova a Vojnína (1783-1868) 028A $aVondra $dRoman 031A $d18 $e5/6 $h120-132 $j2007 039B $aIn $8--Abvc--. Historický obzor. - Praha : Vyd. Ministerstvo Školství, Mládeže a Tělovýchovy ČR, 1990-2018 $x200700000180005880 $9048559334 044K $#Chotek, Karl von $#Chotek von Chotkowa und Wognin, Carl $#Chotkowa und Wognin, Carl Chotek von $#Wognin, Carl Chotek von Chotkowa und $#Chotkowa, Karl von Chotek von $#Chotek, Carl von $#Chotek, Carl $#Chotek, Karl $#Chotek, Karel $#Chotek, Karel hrabě $#Chotek z Chotkova a z Vojnína, Karel $7116507055 $8Chotek von Chotkow, Karl$cvon$Z1783-1868 [Tp1] $9150445717 lok: 39342059 78 exp: 39342059 78 1 #EPN 201B/01 $026-11-17 $t03:20:24.000 201U/01 $0utf8 203@/01 $0789531038 208@/01 $a12-11-16 $be 209A/01 $a/ $f000 $x00 220C/01 $aHerkunft: Hú Av Čr Praha 244Z/01 $#Tschechien $#Tschechische Republik $#Tschechien $#Tschechische Republik $#Tschechenland $#Tschechei Tschechien $#Česká Republika $#Czech Republic $#ČR $74303381-7 $8--Tg1--Tschechien $x01 $9086659812 244Z/01 $2Trx $#Böhmen $#Bohemia $#Czechy $8--Trx--Čechy $x02 $9391188941 244Z/01 $2Trx $#Chotek von Chotkow und Wognin, Karl $8--Trx--Chotek, Karel$Z1783-1868 $x03 $9390856401 244Z/01 $2Trx $#poliitikud $#politikai $#politicians $#politikus $#politycy $#politici $#politici $#Staatsmänner $#štátnici $#státníci $8--Trx--Politiker $x04 $9391382128 244Z/01 $2Trx $#ametid, kontorid $#įstaigos $#Administrative offices $#hivatalok $#urzędy $#úrady $#úřady $8--Trx--Ämter $x05 $9391368400 244Z/01 $2Trx $#biograafiad mitme isiku $#biografijos kelių asmenų $#collective biographies $#életrajzok több személy $#biografie więcej osób $#biografie viac osôb $#biografie více osob $8--Trx--Biographien$gmehrere Personen $x06 $9391365304 244Z/01 $2Trx $8--Trx--Zeitschriftenaufsatz $x07 $9391384341 247C/01 $82080>Marburg/Lahn, Herder-Institut, Forschungsbibliothek, Bibliographieportal $9336309341
| LEADER | 00000caa a22000002c 4500 | ||
|---|---|---|---|
| 001 | 393420590 | ||
| 003 | DE-603 | ||
| 005 | 20260212145017.0 | ||
| 007 | tu | ||
| 008 | 161112s2007 xx |||| | u00||u|cze c | ||
| 035 | |a (DE-599)HEB393420590 | ||
| 040 | |a DE-603 |b ger |c DE-603 |d DE-603 | ||
| 041 | |a cze | ||
| 100 | 1 | |a Vondra, Roman | |
| 245 | 0 | 0 | |a Hrabě Chotek z Chotkova a Vojnína (1783-1868) |
| 264 | 0 | |c 2007 | |
| 600 | 1 | 7 | |a Chotek von Chotkow, Karl von |d 1783-1868 |0 (DE-588)116507055 |0 (DE-603)150445717 |2 gnd |
| 773 | 0 | 8 | |i In |t Historický obzor |d Praha : Vyd. Ministerstvo Školství, Mládeže a Tělovýchovy ČR, 1990-2018 |g Band 18, Heft 5/6 (2007), Seite 120-132 |w (DE-603)048559334 |w (DE-600)1045195-X |
| 924 | 0 | |9 2080 |a (DE-603)789531038 |b DE-2080 |c HES |d d |g / | |


